80 Years of Zentralblatt MATH [electronic resource] : 80 Footprints of Distinguished Mathematicians in Zentralblatt / edited by Olaf Teschke, Bernd Wegner, Dirk Werner.
Record details
- ISBN: 9783642211720
- Physical Description: V, 194p. 122 illus. digital.
- Publisher: Berlin, Heidelberg : Springer Berlin Heidelberg, 2011.
Search for related items by subject
| Subject: | Mathematics. Mathematics. Mathematics, general. |
Electronic resources
| LDR | 01115nam a22003135i 4500 | ||
|---|---|---|---|
| 001 | 5402 | ||
| 003 | CONS | ||
| 005 | 20121024173922.0 | ||
| 007 | cr nn 008mamaa | ||
| 008 | 110826s2011 gw | s |||| 0|eng d | ||
| 020 | . | ‡a9783642211720 ‡9978-3-642-21172-0 | |
| 024 | 7 | . | ‡a10.1007/978-3-642-21172-0 ‡2doi |
| 035 | . | ‡a(DE-He213)978-3-642-21172-0 | |
| 050 | 4. | ‡aQA1-939 | |
| 072 | 7. | ‡aPB ‡2bicssc | |
| 072 | 7. | ‡aMAT000000 ‡2bisacsh | |
| 100 | 1 | . | ‡aTeschke, Olaf. |
| 245 | 1 | 0. | ‡a80 Years of Zentralblatt MATH ‡h[electronic resource] : ‡b80 Footprints of Distinguished Mathematicians in Zentralblatt / ‡cedited by Olaf Teschke, Bernd Wegner, Dirk Werner. |
| 260 | . | ‡aBerlin, Heidelberg : ‡bSpringer Berlin Heidelberg, ‡c2011. | |
| 300 | . | ‡aV, 194p. 122 illus. ‡bdigital. | |
| 650 | 0. | ‡aMathematics. | |
| 650 | 1 | 4. | ‡aMathematics. |
| 650 | 2 | 4. | ‡aMathematics, general. |
| 700 | 1 | . | ‡aWegner, Bernd. |
| 700 | 1 | . | ‡aWerner, Dirk. |
| 710 | 2 | . | ‡aSpringerLink (Online service) |
| 773 | 0 | . | ‡tSpringer eBooks |
| 776 | 0 | 8. | ‡iPrinted edition: ‡z9783642211713 |
| 856 | 4 | 0. | ‡uhttp://dx.doi.org/10.1007/978-3-642-21172-0 ‡9CONS |
| 950 | . | ‡aMathematics and Statistics (Springer-11649) | |
| 901 | . | ‡a5402 ‡b ‡c5402 ‡tbiblio ‡sSystem Local | |